LEADER 01091nam a2200277 i 4500 001 000000155837 003 CaOOAMICUS 005 20061121000000.0 008 061121s1972 it u000 u ita u 013 $a133191 040 $aSeMil$bita 100 1 $aNabokov, Vladimir <1899-1977>.$0(OLS)http://semarc/name/50852 245 10$aNikolaj Gogol' /$cVladimir Nabokov ; traduzione di Annamaria Pelucchi. 260 $a[Milano] :$bArnoldo Mondadori Editore,$c1972. 300 $a181 p. ;$c21 cm. 490 0 $aSaggi ;$v41 500 $aFondo Ciprandi. 600 14$aGogol', Nikolaj Vasil'evi? <1809-1852>.$0(OLS)http://semarc/subject/17660 700 1 $aPelucchi, Annamaria.$0(OLS)http://semarc/name/60938 830 0$aSaggi ;$v41.$0(OLS)http://semarc/title/341 850 $aSeMil 852 $aSeMil$W1$xVenegono$y1$m1U II 18$j107665$B107665$CSeMilBibl$Z2$F117188 $81 941 1 $a1 961 $aOmaggio: Ciprandi dott. Paolo 996 $6245$aNikolaj Gogol'$9(OLS)http://semarc/title/228320 996 $6260$a[Milano] :$bArnoldo Mondadori Editore$9(OLS)http://semarc/publisher/29634 LEADER 01548nam a2200265 i 4500 001 000000128615 003 CaOOAMICUS 005 20040729000000.0 008 040729s2004 it u000 u ita u 013 $a101342 040 $aSeMil$bita 100 1 $aGrillo, Andrea,$d<1961- >.$0(OLS)http://semarc/name/2664 245 13$aIl rinnovamento liturgico tra prima e seconda svolta antropologica :$bil presupposto rituale nell'epoca del postmoderno /$cAndrea Grillo. 260 $aRoma ; Monopoli :$bVivere In,$cstampa 2004. 300 $a125 p. ;$c24 cm. 490 0 $aQuaderni della Rivista di scienze religiose ;$v2 500 $aLezioni tenute nel corso del convegno promosso dal Dipartimento di Teologia pratica dell'Istituto Teologico Pugliese, Molfetta, 12-13 marzo 2003. - Contiene : Bibliografia. 650 4$aAntropologia religiosa.$0(OLS)http://semarc/subject/2795 650 4$aLiturgia - Aspetti etico sociali - Storia.$0(OLS)http://semarc/subject/23491 830 0$aQuaderni della Rivista di scienze religiose / Pontificia Facoltà dell'Italia Meridionale, Istituto Teologico Pugliese, Molfetta ;$v2.$0(OLS)http://semarc/title/407697 850 $aSeMil 852 $aSeMil$W1$xVenegono$y1$m244 2 52$j82836$B82836$CSeMilBibl$Z2$F85230 $81 961 $aCambio: Scuola Cattolica 996 $6245$aIl rinnovamento liturgico tra prima e seconda svolta antropologica :$bil presupposto rituale nell'epoca del postmoderno$9(OLS)http://semarc/title/190123 996 $6260$aRoma ; Monopoli :$bVivere In$9(OLS)http://semarc/publisher/32304